Will the new year bring cheer to NR growers ? (Record no. 72446)

MARC details
000 -LEADER
fixed length control field 00421nam a2200169Ia 4500
100 ## - MAIN ENTRY--AUTHOR NAME
Personal name Jacob Jom
245 #0 - TITLE STATEMENT
Title Will the new year bring cheer to NR growers ?
260 ## - PUBLICATION, DISTRIBUTION, ETC. (IMPRINT)
Name of publisher Rubber Asia
Year of publication 2018
300 ## - PHYSICAL DESCRIPTION
Number of Pages 40-45
500 ## - GENERAL NOTE
General note Source Year: 2018
650 ## - SUBJECT ADDED ENTRY--TOPICAL TERM
Topical Term NR growers
650 ## - SUBJECT ADDED ENTRY--TOPICAL TERM
Topical Term World consumption
650 ## - SUBJECT ADDED ENTRY--TOPICAL TERM
Topical Term World production
650 ## - SUBJECT ADDED ENTRY--TOPICAL TERM
Topical Term Yield
942 ## - ADDED ENTRY ELEMENTS (KOHA)
Koha item type Journals
Holdings
Withdrawn status Lost status Damaged status Not for loan Home library Current library Shelving location Date acquired Serial Enumeration / chronology Koha item type
      Journals RRII Library RRII Library Economics 01/01/2021 Volume 33, Issue 1 Journals